Sarah's key / (Record no. 1397)

MARC details
000 -LEADER
fixed length control field 01411cam a2200349I 4500
003 - CONTROL NUMBER IDENTIFIER
control field data
005 - DATE AND TIME OF LATEST TRANSACTION
control field 20260322212058.0
008 - FIXED-LENGTH DATA ELEMENTS--GENERAL INFORMATION
fixed length control field data
019 ## -
-- 213300768
020 ## - INTERNATIONAL STANDARD BOOK NUMBER
International Standard Book Number 0312370849
020 ## - INTERNATIONAL STANDARD BOOK NUMBER
International Standard Book Number 9780312370848
040 ## - CATALOGING SOURCE
Original cataloging agency CRM
Transcribing agency CRM
Modifying agency UtOrBLW
-- BAKER
-- EUF
-- WIQ
-- YDXCP
-- F4B
-- UPZ
-- OSU
-- UtOrBLW
049 ## - LOCAL HOLDINGS (OCLC)
Holding library OSUU
050 #4 - LIBRARY OF CONGRESS CALL NUMBER
Classification number PR9105.9.R66
Item number S27 2008
082 04 - DEWEY DECIMAL CLASSIFICATION NUMBER
Classification number 823/.914
Edition information 22
099 ## - LOCAL FREE-TEXT CALL NUMBER (OCLC)
Classification number ROSNAT
001 - CONTROL NUMBER
control field data
100 1# - MAIN ENTRY--PERSONAL NAME
Personal name Rosnay, Tatiana de,
Dates associated with a name 1961-
245 10 - TITLE STATEMENT
Title Sarah's key /
Statement of responsibility, etc. Tatiana de Rosnay.
260 ## - PUBLICATION, DISTRIBUTION, ETC.
Place of publication, distribution, etc. New York :
Name of publisher, distributor, etc. St. Martin's Griffin,
Date of publication, distribution, etc. 2008, c2007.
300 ## - PHYSICAL DESCRIPTION
Extent 293 p. ;
Dimensions 21 cm.
500 ## - GENERAL NOTE
General note Includes readers' guide.
520 ## - SUMMARY, ETC.
Summary, etc. On the sixtieth anniversary of the 1942 roundup of Jews by the French police in the Vel d'Hiv section of Paris, American journalist Julia Jarmond is asked to write an article on this dark episode during World War II and embarks on an investigation that leads her to long-hidden family secrets and to the ordeal of Sarah, a young girl caught up in the raid.
650 #0 - SUBJECT ADDED ENTRY--TOPICAL TERM
Topical term or geographic name entry element Jews
Geographic subdivision France
Form subdivision Fiction.
650 #0 - SUBJECT ADDED ENTRY--TOPICAL TERM
Topical term or geographic name entry element World War, 1939-1945
Geographic subdivision France
General subdivision Anniversaries, etc.
Form subdivision Fiction.
650 #0 - SUBJECT ADDED ENTRY--TOPICAL TERM
Topical term or geographic name entry element Americans
Geographic subdivision France
Form subdivision Fiction.
650 #0 - SUBJECT ADDED ENTRY--TOPICAL TERM
Topical term or geographic name entry element Women authors
Form subdivision Fiction.
650 #0 - SUBJECT ADDED ENTRY--TOPICAL TERM
Topical term or geographic name entry element Family secrets
Form subdivision Fiction.
651 #0 - SUBJECT ADDED ENTRY--GEOGRAPHIC NAME
Geographic name France
General subdivision History
Chronological subdivision German occupation, 1940-1945
Form subdivision Fiction.
651 #0 - SUBJECT ADDED ENTRY--GEOGRAPHIC NAME
Geographic name Paris (France)
Form subdivision Fiction.
655 #7 - INDEX TERM--GENRE/FORM
Genre/form data or focus term Historical fiction.
Source of term gsafd.
Holdings
Withdrawn status Lost status Damaged status Not for loan Home library Current library Shelving location Date acquired Total checkouts Full call number Barcode Date last seen Price effective from Koha item type
        Centerville Centerville General stacks 22/03/2026   823/.914 22 BC0011444 22/03/2026 22/03/2026 Books